Húskészítmények mikroflórájának vizsgálata Kubában
Die Verfasser untersuchten 105 Fleischwaren (96 in Cuba und 9 in Ungarn verfertigt) von dem Standpunkte der bakteriologischen Reinheit: Die faschierten Knödel waren im allgemeinen von annehmbarer Qualität; die verschiedenen bakteriologischen Kennzahlen aufgeschnittener und fermentierter Erzeugnisse...
Elmentve itt :
| Szerző: | |
|---|---|
| Dokumentumtípus: | Cikk |
| Megjelent: |
Lapkiadó Vállalat
Budapest
1972
|
| Sorozat: | Élelmiszervizsgálati közlemények
|
| Kulcsszavak: | Élelmiszervizsgálat - mikrobiológia - Kuba |
| Tárgyszavak: | |
| Online Access: | http://acta.bibl.u-szeged.hu/81477 |
| LEADER | 02420nab a2200265 i 4500 | ||
|---|---|---|---|
| 001 | acta81477 | ||
| 005 | 20230919135123.0 | ||
| 008 | 230919s1972 hu o 0|| hun d | ||
| 040 | |a SZTE Egyetemi Kiadványok Repozitórium |b hun | ||
| 041 | |a hun | ||
| 041 | |a eng | ||
| 041 | |a ger | ||
| 041 | |a fre | ||
| 041 | |a rus | ||
| 100 | 1 | |a Nikodemusz István | |
| 245 | 1 | 0 | |a Húskészítmények mikroflórájának vizsgálata Kubában |h [elektronikus dokumentum] / |c Nikodemusz István |
| 260 | |a Lapkiadó Vállalat |b Budapest |c 1972 | ||
| 300 | |a 305-311 | ||
| 490 | 0 | |a Élelmiszervizsgálati közlemények | |
| 520 | 3 | |a Die Verfasser untersuchten 105 Fleischwaren (96 in Cuba und 9 in Ungarn verfertigt) von dem Standpunkte der bakteriologischen Reinheit: Die faschierten Knödel waren im allgemeinen von annehmbarer Qualität; die verschiedenen bakteriologischen Kennzahlen aufgeschnittener und fermentierter Erzeugnisse wiesen eine grosse Streuung auf, (z. B. die Gesamtkeimzahl war zwischen 103 — 10G/g). Als Ursache der hohen Keimzahlen erwies sich hauptsächlich die unbefriedigende Lagerung. 105 varieties of meat products (96 Cuban and 9 Hungarian products) were investigated from the aspect of bacteriological purity. Of the examined products the quality of the balls of chopped meat was in general acceptable whereas the bacteriological indexes of sausages and fermented meat products exhibited great scattering (e. g. total germ counts from 103 to 10° per gram). The observed high germ counts were generally due to unsuitable storage conditions. Les auteurs on examiné, du point de vue de la pureté microbiologique, 105 produits carnés (dönt 96 de production cubaine et 9 de production hongroise). Panni les produits les boules de viande hachée étaient, en général, de qualité acceptable, les indices bactériologiques des produits carnés fermentés et de charcuterie montraient, cependant, de déviations considérables (p. e. germes toeaux entre 103 et 10G par gramme). La cause des nombres de germes élevés était, tn général, l’entreposage inapproprié. | |
| 650 | 4 | |a Műszaki és technológiai tudományok | |
| 650 | 4 | |a Egyéb műszaki tudományok és technológiák | |
| 650 | 4 | |a Élelmiszer és italfélék | |
| 695 | |a Élelmiszervizsgálat - mikrobiológia - Kuba | ||
| 856 | 4 | 0 | |u http://acta.bibl.u-szeged.hu/81477/1/elelmiszervizsgalati_kozlemenyek_1972_05-06_305-311.pdf |z Dokumentum-elérés |